| 000 | 00501ntaaa2200181 4500 | ||
|---|---|---|---|
| 003 | 01 | ||
| 005 | 20251027201727.0 | ||
| 008 | 0714s1973 ag 01 | ||
| 040 |
_aAR-BaBN _bspa _cAR-BaBN _eaacr _dRIC |
||
| 082 | _a234.3000 B949 | ||
| 100 |
_aBushnell, Horace _915818 |
||
| 245 | _aForgiveness and law, grounded in principles interpreted by human analogies | ||
| 250 | _a1 ed. | ||
| 260 |
_aNew York : _bScribner, Armstrong Co., _c1874 |
||
| 300 | _a256 p | ||
| 650 |
_aexpiación _96280 |
||
| 942 | _cBK | ||
| 999 |
_c11928 _d11928 |
||